<?xml version="1.0" encoding="UTF-8"?>
<record
    xmlns:xsi="http://www.w3.org/2001/XMLSchema-instance"
    xsi:schemaLocation="http://www.loc.gov/MARC21/slim http://www.loc.gov/standards/marcxml/schema/MARC21slim.xsd"
    xmlns="http://www.loc.gov/MARC21/slim">

  <leader>00864nam a22002177a 4500</leader>
  <controlfield tag="005">20170202143517.0</controlfield>
  <controlfield tag="008">170126b2016    mx ||||| |||| 000 0dspa d</controlfield>
  <datafield tag="020" ind1=" " ind2=" ">
    <subfield code="a">9786070909689</subfield>
  </datafield>
  <datafield tag="050" ind1="0" ind2="4">
    <subfield code="a">KGF13008</subfield>
    <subfield code="b">M57 2012</subfield>
  </datafield>
  <datafield tag="100" ind1="1" ind2=" ">
    <subfield code="a">Miranda Camarena, Adri&#xE1;n Joaqu&#xED;n,</subfield>
    <subfield code="e">autor</subfield>
  </datafield>
  <datafield tag="245" ind1="1" ind2="0">
    <subfield code="a">Garant&#xED;as sociales /</subfield>
    <subfield code="c">Adri&#xE1;n Joaqu&#xED;n Miranda Camarena, Cayetando Mercado P&#xE9;rez, Alfonso Librado Garc&#xED;a Ortega ; pr&#xF3;logo Felipe de Jes&#xFA;s &#xC1;lvarez Cibri&#xE1;n.</subfield>
  </datafield>
  <datafield tag="250" ind1=" " ind2=" ">
    <subfield code="a">Primera edici&#xF3;n</subfield>
  </datafield>
  <datafield tag="260" ind1=" " ind2=" ">
    <subfield code="a">M&#xE9;xico :</subfield>
    <subfield code="b">Porr&#xFA;a : Universidad de Guadalajara, </subfield>
    <subfield code="c">c2012</subfield>
  </datafield>
  <datafield tag="300" ind1=" " ind2=" ">
    <subfield code="a">ix, 204 p&#xE1;ginas ;</subfield>
    <subfield code="c">21 cm.</subfield>
  </datafield>
  <datafield tag="504" ind1=" " ind2=" ">
    <subfield code="a">Incluye &#xED;ndice</subfield>
  </datafield>
  <datafield tag="650" ind1=" " ind2="7">
    <subfield code="2">lemb</subfield>
    <subfield code="a">Garant&#xED;as sociales</subfield>
    <subfield code="z">M&#xE9;xico</subfield>
  </datafield>
  <datafield tag="700" ind1="1" ind2=" ">
    <subfield code="a">Mercado P&#xE9;rez, Cayetano,</subfield>
    <subfield code="e">aut.</subfield>
  </datafield>
  <datafield tag="700" ind1="1" ind2=" ">
    <subfield code="a">Garc&#xED;a Ortega, Alfonso Librado,</subfield>
    <subfield code="e">autor</subfield>
  </datafield>
  <datafield tag="700" ind1="1" ind2=" ">
    <subfield code="a">&#xC1;lvarez Cibri&#xE1;n, Felipe de Jes&#xFA;s, </subfield>
    <subfield code="e">pr&#xF3;l.</subfield>
  </datafield>
  <datafield tag="942" ind1=" " ind2=" ">
    <subfield code="2">lcc</subfield>
    <subfield code="c">LIB</subfield>
  </datafield>
  <datafield tag="999" ind1=" " ind2=" ">
    <subfield code="c">124773</subfield>
    <subfield code="d">124773</subfield>
  </datafield>
  <datafield tag="952" ind1=" " ind2=" ">
    <subfield code="1">0</subfield>
    <subfield code="2">lcc</subfield>
    <subfield code="4">0</subfield>
    <subfield code="7">0</subfield>
    <subfield code="a">LIC-002</subfield>
    <subfield code="b">LIC-002</subfield>
    <subfield code="c">GENERAL</subfield>
    <subfield code="d">2017-01-26</subfield>
    <subfield code="e">DGB-GENERICO</subfield>
    <subfield code="f">1a ed.</subfield>
    <subfield code="h">BFD000008524</subfield>
    <subfield code="i">D</subfield>
    <subfield code="k">CSA</subfield>
    <subfield code="o">KGF3008 M57 2012</subfield>
    <subfield code="p">BFD000008524</subfield>
    <subfield code="r">2017-01-26 00:00:00</subfield>
    <subfield code="t">1</subfield>
    <subfield code="y">LIB</subfield>
  </datafield>
  <datafield tag="952" ind1=" " ind2=" ">
    <subfield code="1">0</subfield>
    <subfield code="2">lcc</subfield>
    <subfield code="4">0</subfield>
    <subfield code="7">0</subfield>
    <subfield code="a">LIC-002</subfield>
    <subfield code="b">LIC-002</subfield>
    <subfield code="c">GENERAL</subfield>
    <subfield code="d">2017-02-02</subfield>
    <subfield code="f">1a ed.</subfield>
    <subfield code="h">BFD000008525</subfield>
    <subfield code="i">D</subfield>
    <subfield code="k">CSA</subfield>
    <subfield code="o">KGF3008 M57 2012</subfield>
    <subfield code="p">BFD000008525</subfield>
    <subfield code="r">2017-02-02 00:00:00</subfield>
    <subfield code="t">2</subfield>
    <subfield code="y">LIB</subfield>
  </datafield>
</record>
